Sports Quiz

Random Sports or WWE Quiz

WWE Champions of 2015 Quiz Stats

 Plays Quiz not verified by Sporcle

Support Sporcle.
Go Orange.
Score 0/23 Timer 05:00
0 Plays Today
Hint Answer % Correct
United States ChampionJohn Cena
88.2%
United States ChampionJohn Cena
88.2%
WWE World Heavyweight ChampionSeth Rollins
87.7%
United States ChampionSeth Rollins
87.7%
WWE World Heavyweight ChampionBrock Lesnar
86.4%
WWE World Heavyweight ChampionRoman Reigns
85.9%
WWE World Heavyweight ChampionRoman Reigns
85.9%
WWE World Heavyweight ChampionSheamus
85%
Intercontinental ChampionDean Ambrose
83.2%
Diva's ChampionNikki Bella
81.8%
Diva's ChampionCharlotte
81.4%
United States ChampionRusev
80.9%
Hint Answer % Correct
WWE Tag Team ChampionsThe New Day
80.9%
WWE Tag Team ChampionsThe New Day
80.9%
United States ChampionAlberto Del Rio
80.5%
Intercontinental ChampionKevin Owens
79.1%
Intercontinental ChampionDaniel Bryan
76.4%
Intercontinental ChampionRyback
74.5%
Intercontinental ChampionDolph Ziggler
70.9%
WWE Tag Team ChampionsThe Usos
70%
WWE Tag Team ChampionsPrime Time Players
64.1%
Intercontinental ChampionBad News Barrett
54.5%
WWE Tag Team ChampionsKidd & Cesaro
27.7%

You're not logged in!

Compare scores with friends on all Sporcle quizzes.
OR
Log In

From the Vault

Hard to Guess: Endangered or Not?

by shirleyalpha

Don't let one species get extinct on our watch!
Remove Ads.
Support Sporcle.
Get the best of Sporcle when you Go Orange. This ad-free experience offers more features, more stats, and more fun while also helping to support Sporcle. Thank you for becoming a member.

Show Comments

Extras

Created Feb 2, 2016ReportNominate
Tags:WWE Quiz, 2015, champion

Top Quizzes Today


Score Distribution

Your Account Isn't Verified!

In order to create a playlist on Sporcle, you need to verify the email address you used during registration. Go to your Sporcle Settings to finish the process.

Report this User

Report this user for behavior that violates our Community Guidelines.

Details: